000 00421nam a22001697a 4500
003 OSt
005 20210831144519.0
008 210831b |||||||| |||| 00| 0 eng d
020 _a978-0-19-852484-7
040 _addc
_chu
082 _22
_a519
_b3
100 _aDiggle peter J.
_9911
245 _aAnalysis of Longitudinal Data
250 _a2
260 _aUnitedstates
_bArgentina Austeria
_c2009
942 _2ddc
_cBOOKS
_n0
999 _c1110
_d1110